Himno del Athletic Club de Bilbao - Statistics

General Stats
  • This quiz has been taken 17 times
  • The average score is 34 of 71
Answer Stats
% Correct
Athletic,
100%
Athletic,
100%
Athletic
100%
Athletic,
100%
Athletic,
100%
Athletic,
100%
Athletic
100%
Athletic
100%
Gora
75%
gora!
75%
geuria
58%
geuria
58%
ta
58%
ta
58%
ta
58%
eup!
50%
gogoaren
50%
gorri
50%
indarra
50%
maite
50%
sortu
50%
zaitu
50%
zara
50%
zara
50%
zinalako
50%
zu
50%
zu
50%
zuria
50%
Altza
42%
Aritz
42%
Aupa
42%
Aupa
42%
aurrera!
42%
Bilbo
42%
Bilbo
42%
Bizkai
42%
Erritik
42%
Euskalerria!
42%
Gaztedi
42%
guztia
42%
mutillak!
42%
mutillak!
42%
nagusia!
42%
alaia:
33%
barria
33%
bedi
33%
beti
33%
danontzat
33%
dau
33%
erakusgarria
33%
gaztiak!
33%
gaztiak
33%
goratu
33%
gorri-zuria
33%
gorri-zuria
33%
guztiok
33%
irrintzi
33%
loratu
33%
munduan
33%
orbel
33%
orlegian
33%
Zabaldu
33%
zelai
33%
daigun
25%
enborrak
25%
erriak
25%
Euskalerriaren
25%
zarraren
25%
Euskaldun
17%
zintzoak
17%
Bizkaiko
8%
No matching quizzes found
Score Distribution
Percent of People with Each Score
Percentile by Number Answered
Your Score History
You have not taken this quiz